000 01207cad a22002295a 4500
001 L142367
008 080211e20080207xxkd f s l000 0 eng d
035 _a(Sirsi) u142367
041 0 _aeng
110 2 _aLondon
_bGreater London Authority
_93989
245 0 0 _aMore new homes built in London
_h[electronic resource]
260 _c2008
490 _aGLA Press Release
_v(079) 7 February 2008
520 _aReveals 33 007 gross new build homes (31 430 net new homes) were built in London in 2006-07, the highest annual figure since 1977, and exceeding the Mayor?s London Plan target of 30 500 net new homes per annum for the first time. The total number of affordable homes built in 2006-07 (including existing housing converted to affordable housing) reached 11 980, a 72% increase compared to the 6 957 affordable homes built in 1999-2000.
590 _aKA
650 2 4 _aAffordable housing
_96215
651 4 _aLondon
690 _aPROPERTY-RESIDENTIAL PROPERTY-RESIDENTIAL PROPERTY DEVELOPMENT
690 _aBUILT ENVIRONMENT-CONSTRUCTION MARKET
856 4 8 _uhttps://www.london.gov.uk/view_press_release.jsp?releaseid=15572
_zView the item free of charge at www.london.gov.uk...
942 _n0
999 _c79793
_d79793